Alphabetical Pokemon - Generation II - Statistics

General Stats
  • This quiz has been taken 113 times
  • The average score is 87 of 100
Answer Stats
Type Pokemon % Correct
Bug/Poison Ariados
98%
Psychic/Grass Celebi
98%
Normal Aipom
95%
Grass Bellossom
95%
Water/Rock Corsola
95%
Ice/Flying Delibird
95%
Fire Entei
95%
Fire/Flying Ho-Oh
95%
Psychic/Flying Lugia
95%
Electric Ampharos
93%
Water/Fairy Azumarill
93%
Water/Electric Chinchou
93%
Poison/Flying Crobat
93%
Water Croconaw
93%
Fire Cyndaquil
93%
Normal/Psychic Girafarig
93%
Normal/Flying Hoothoot
93%
Dark/Fire Houndoom
93%
Dark/Fire Houndour
93%
Bug/Flying Ledian
93%
Bug/Flying Ledyba
93%
Grass Bayleef
90%
Grass Chikorita
90%
Electric Elekid
90%
Psychic Espeon
90%
Bug/Fighting Heracross
90%
Grass/Flying Hoppip
90%
Grass/Flying Jumpluff
90%
Water/Dragon Kingdra
90%
Water/Electric Lanturn
90%
Fire Magby
90%
Fire/Rock Magcargo
90%
Ghost Misdreavus
90%
Dark/Flying Murkrow
90%
Normal/Flying Noctowl
90%
Water Octillery
90%
Normal Blissey
88%
Fairy Cleffa
88%
Ground Donphan
88%
Water Feraligatr
88%
Electric Flaaffy
88%
Bug/Steel Forretress
88%
Ground/Flying Gligar
88%
Fighting Hitmontop
88%
Normal/Fairy Igglybuff
88%
Rock/Ground Larvitar
88%
Water/Flying Mantine
88%
Electric Mareep
88%
Water/Fairy Marill
88%
Grass Meganium
88%
Ice/Ground Piloswine
88%
Electric Raikou
88%
Steel/Flying Skarmory
88%
Water Suicune
88%
Ice/Ground Swinub
88%
Rock/Dark Tyranitar
88%
Bug/Flying Yanma
88%
Normal Dunsparce
85%
Normal Furret
85%
Fairy Granbull
85%
Psychic/Flying Natu
85%
Ground Phanpy
85%
Fire Quilava
85%
Water/Poison Qwilfish
85%
Grass/Flying Skiploom
85%
Steel/Ground Steelix
85%
Grass Sunflora
85%
Grass Sunkern
85%
Fairy Togepi
85%
Fairy/Flying Togetic
85%
Water Totodile
85%
Fighting Tyrogue
85%
Psychic Unown
85%
Psychic/Flying Xatu
85%
Normal Miltank
83%
Rock/Ground Pupitar
83%
Water Remoraid
83%
Bug/Steel Scizor
83%
Ice/Psychic Smoochum
83%
Dark/Ice Sneasel
83%
Bug/Poison Spinarak
83%
Fire Typhlosion
83%
Dark Umbreon
83%
Electric Pichu
80%
Bug Pineco
80%
Water Politoed
80%
Water/Ground Quagsire
80%
Fire Slugma
80%
Normal Smeargle
80%
Fairy Snubbull
80%
Normal Stantler
78%
Water/Ground Wooper
78%
Normal Sentret
75%
Water/Psychic Slowking
75%
Rock Sudowoodo
75%
Normal Teddiursa
75%
Normal Ursaring
75%
Bug/Rock Shuckle
73%
Psychic Wobbuffet
73%
Normal Porygon2
70%
No matching quizzes found
Score Distribution
Percent of People with Each Score
Percentile by Number Answered
Your Score History
You have not taken this quiz